00582nam a2200205Ia 4500008004100000020001800041050000800059050001600067100001600083245002300099245005400122260002600176260000900202300001500211300002000226440003200246500006600278650001300344999001900357170203s9999 xx 000 0 und d a9780439236416 aFic b.B347w 1958 aBaum, Frank 4aThe Wizard of OZ / cby L. Frank Baum ; with pictures by W.W. Denslow. bShivam Offset Press,  c1958 a156 pages; billustrations : aScholastic Junior Classics. aOriginally published under title: The wonderful Wizard of Oz. aFantasy. c306173d306173